[Event "45th Olympiad 2024"]
[Site "Budapest HUN"]
[Date "2024.09.20"]
[Round "9.66"]
[Board "1"]
[White "Yee, Soon Wei"]
[Black "Mfune, Petros"]
[Result "1/2-1/2"]
[WhiteElo "2219"]
[BlackElo "1986"]
[PlyCount "107"]
[EventDate "2024.09.11"]
[WhiteTeam "Brunei Darussalam"]
[BlackTeam "Malawi"]
[BlackTeamCountry "MWI"]

1. e4 d5 2. exd5 Nf6 3. Nf3 Nxd5 4. d4 g6 5. c4 Nf6 6. Nc3 Bg7 7. Be2 O-O 8. O-O Bg4 9. h3 Bxf3 10. Bxf3 Nc6 ({RR} 10... c6 11. Re1 Nbd7 12. Bf4 Re8 13. Qb3 Qb6 14. c5 Qxb3 15. axb3 e6 16. b4 a6 17. Rad1 Nd5 18. Nxd5 exd5 19. Be3 Nf8 20. Rd2 Re7 21. Red1 Rae8 22. Kf1 Ne6 23. g3 f5 24. Rd3 f4 25. Bc1 {½-½ Amar,E (2555)-Khusnutdinov,R (2429) World Blitz 2023 (20.72)}) 11. Be3 Ne8 12. d5 Ne5 13. Be2 $146 ({RR} 13. c5 b6 14. Be2 bxc5 15. Bxc5 Nd6 16. Rc1 Bh6 17. Rc2 Nd7 18. Ba3 Rb8 19. Re1 Bg7 20. Ba6 Rb6 21. Bd3 Re8 22. Rce2 Rb8 23. Qa4 Bf6 24. Ne4 Nxe4 25. Bxe4 Nb6 26. Qc6 Qd7 27. Qxd7 Nxd7 {½-½ Matlakov,M (2738)-Artemiev,V (2696) Moscow Eliseev Memorial1 2017 (2)}) 13... Nd6 14. c5 Nf5 15. Bf4 c6 16. Re1 cxd5 17. Qxd5 Qxd5 18. Nxd5 e6 19. Ne3 Nd4 20. Bf1 Rac8 21. Rac1 Nef3+ 22. gxf3 Nxf3+ 23. Kh1 Nxe1 24. Rxe1 e5 25. Bg5 f6 26. Bh4 Rxc5 27. Bc4+ Kh8 28. Rd1 h5 29. Bd3 g5 30. Bg3 h4 31. Bh2 Rd8 32. Kg2 Rc6 33. Kf3 Rd4 34. Be4 Rxd1 35. Nxd1 Rc1 36. Ke2 Rc7 37. f3 Bf8 38. Bg1 b6 39. Nc3 Kg7 40. Be3 Rd7 41. Bf5 Rb7 42. Ne4 a5 43. Kd3 Kf7 44. Kc4 b5+ 45. Kd5 Rb8 46. Kc6 b4 47. b3 a4 48. Nd2 axb3 49. axb3 Rd8 50. Kb5 Be7 51. Kc4 Bf8 52. Kb5 Be7 53. Kc4 Bf8 54. Kb5 1/2-1/2

[Event "45th Olympiad 2024"]
[Site "Budapest HUN"]
[Date "2024.09.20"]
[Round "9.66"]
[Board "2"]
[White "Mwale, Joseph"]
[Black "Lim Teck Guan, Rodney"]
[Result "1-0"]
[WhiteElo "2063"]
[BlackElo "1931"]
[PlyCount "85"]
[EventDate "2024.09.11"]
[WhiteTeam "Malawi"]
[BlackTeam "Brunei Darussalam"]
[WhiteTeamCountry "MWI"]

1. e4 c6 2. d4 d5 3. f3 e6 4. Nc3 Bb4 5. e5 b6 ({RR} 5... Ne7 6. a3 Bxc3+ 7. bxc3 b6 8. a4 Ba6 9. Bxa6 Nxa6 10. Qd3 Qc8 11. f4 h5 12. Nf3 Nf5 13. a5 Nc7 14. O-O Nb5 15. c4 dxc4 16. Qxc4 O-O 17. c3 Rd8 18. Bd2 Qd7 19. Rfb1 Qd5 20. Qe2 {0-1 Erigaisi,A (2559)-Melkumyan,H (2663) PNWCC Online blitz JP 12th 2020 (6)}) 6. f4 ({RR} 6. a3 Bxc3+ 7. bxc3 Ba6 8. Bxa6 Nxa6 9. Be3 Ne7 10. Bg5 O-O 11. Ne2 h6 12. Bxe7 Qxe7 13. O-O c5 14. Qd3 Nb8 15. f4 f5 16. exf6 Rxf6 17. c4 Nc6 18. Rae1 cxd4 19. cxd5 exd5 20. Ng3 Re6 {0-1 Junge,M (1860)-Lagrotteria,S (1990) 43rd St Veit Open 2024 (6.28)}) 6... Ba6 $146 ({RR} 6... h5 7. Nf3 Ne7 8. Be3 Nf5 9. Bf2 Ba6 10. Bxa6 Nxa6 11. Qd3 Qc8 12. O-O Nc7 13. Nh4 g6 14. Nxf5 exf5 15. Bh4 Qe6 16. Bf6 O-O 17. Nd1 Be7 18. Bxe7 Qxe7 19. Ne3 f6 20. Rf3 fxe5 21. fxe5 {1-0 Senador,E (2380)-Viswanath,S (1967) Kuala Lumpur op 4th 2007 (1)}) 7. Bxa6 Nxa6 8. Nf3 c5 9. Qe2 Nb8 10. O-O Ne7 11. Nb5 cxd4 12. Qd3 a6 13. Nbxd4 Bc5 14. Be3 Nbc6 15. Nxc6 Nxc6 16. f5 Bxe3+ 17. Qxe3 exf5 18. e6 O-O 19. Ng5 f6 20. Nf7 Qc7 21. Rxf5 Ne7 22. Rf2 Qc5 23. Qg3 Rfe8 24. Re1 Ng6 25. h4 Qb4 26. Rf5 Qxh4 27. Qxh4 Nxh4 28. Rxd5 Ng6 29. Nd6 Rxe6 30. Rxe6 Nf4 31. Rxf6 Nxd5 32. Re6 Nc7 33. Re7 Nd5 34. Rb7 Rd8 35. Nf5 Nb4 36. Rxg7+ Kh8 37. Rb7 b5 38. Nh6 Rd1+ 39. Kh2 Nxc2 40. g4 Ne3 41. g5 Rd2+ 42. Kh3 Rc2 43. Rb8+ 1-0

[Event "45th Olympiad 2024"]
[Site "Budapest HUN"]
[Date "2024.09.20"]
[Round "9.66"]
[Board "3"]
[White "Pg. Shahridin, Ak. Abdul Wafie"]
[Black "Chipanga, Chiletso"]
[Result "0-1"]
[WhiteElo "1912"]
[BlackElo "2089"]
[PlyCount "82"]
[EventDate "2024.09.11"]
[WhiteTeam "Brunei Darussalam"]
[BlackTeam "Malawi"]
[BlackTeamCountry "MWI"]

1. d4 d5 2. Nc3 Nf6 3. Bf4 Bf5 4. f3 e6 5. g4 Bg6 6. h4 h5 7. g5 Nfd7 8. e4 ({RR} 8. e3 Bd6 9. Nh3 Nc6 10. Nb5 Bxf4 11. Nxf4 Bf5 12. Bd3 Ne7 13. Qd2 a6 14. Nc3 c5 15. O-O-O cxd4 16. exd4 Bxd3 17. Nxd3 Qb6 18. Ne2 g6 19. Kb1 Nf5 20. c3 Qd6 21. f4 b5 22. Ng1 a5 {0-1 Jobava,B (2713)-Zhigalko,S (2678) Wch Blitz 8th 2014 (17)}) 8... Nb6 ({RR} 8... dxe4 9. fxe4 c5 10. d5 e5 11. Be3 a6 12. a4 Bd6 13. Be2 Qa5 14. Nf3 Bxe4 15. Rf1 Qb4 16. Nd2 Bg6 17. Nc4 Bc7 18. d6 Bd8 19. a5 b5 20. axb6 Nxb6 21. Nxb6 Bxb6 22. Qd5 Ra7 23. Kd2 {1-0 Pershin,D (2358)-Gardezi,A (2048) Titled Tue 6th Aug Late 2024 (2)}) 9. Bd3 a6 $146 ({RR} 9... Bb4 10. Nge2 dxe4 11. fxe4 Nc6 12. a3 Bxc3+ 13. bxc3 O-O 14. O-O e5 15. Be3 exd4 16. cxd4 Re8 17. Rf4 Nd5 18. exd5 Ne7 19. c4 Nxd5 20. cxd5 Rxe3 21. Bxg6 fxg6 22. Qd2 Qe7 23. Rf2 Re8 24. Nf4 {1-0 Gelman,A (2403)-Djokic,M (2129) Titled Tuesday intern op 20th July blitz 2021 (7)}) ({RR} 9... Nc6 10. Nge2 Nb4 11. Qd2 Nxd3+ 12. cxd3 c5 13. Nb5 Rc8 14. Nxa7 Ra8 15. Nb5 Rc8 16. Rc1 Be7 17. dxc5 Rxc5 18. Nc7+ Kf8 19. O-O Kg8 20. Rxc5 Bxc5+ 21. Kg2 Kh7 22. Rc1 Be7 23. Qa5 Nc8 24. Qb5 {½-½ Gelman,A (2403)-Omariev,M (2304) Titled Tuesday intern op 13th July blitz 2021 (3)}) ({RR} 9... Nc6 10. Nge2 Nb4 11. Nb5 Na6 12. Qd2 c6 13. Nbc3 Nb4 14. a3 Nxd3+ 15. cxd3 Be7 16. Bg3 O-O 17. Nf4 dxe4 18. dxe4 Nc4 19. Qf2 e5 20. dxe5 Nxe5 21. O-O Qb6 22. Qxb6 axb6 23. Kg2 Nc4 24. Rf2 {½-½ Gelman,A (2403)-Omariev,M (2304) Titled Tuesday intern op 12th Oct blitz 2021 (3)}) 10. Nge2 dxe4 11. fxe4 Nc6 12. a3 Qd7 13. d5 exd5 14. exd5 Ne7 15. Bxg6 Nxg6 16. Qd4 O-O-O 17. O-O-O Nxf4 18. Nxf4 Bd6 19. Rhf1 Qg4 20. Qf2 Be5 21. Rd3 Rhe8 22. Rf3 g6 23. Kb1 Nc4 24. b3 Qxf3 25. Qxf3 Nd2+ 26. Kb2 Nxf3 27. Rxf3 Re7 28. b4 b6 29. Kb3 Rdd7 30. Kc4 Bg7 31. Nfe2 Kb7 32. a4 c6 33. dxc6+ Kxc6 34. b5+ axb5+ 35. axb5+ Kb7 36. Rf4 Rd2 37. Kb3 Kb8 38. Rf2 Bxc3 39. Kxc3 Rdxe2 40. Rf6 Kb7 41. Rxg6 fxg6 0-1

[Event "45th Olympiad 2024"]
[Site "Budapest HUN"]
[Date "2024.09.20"]
[Round "9.66"]
[Board "4"]
[White "Mwale, George"]
[Black "Akmal, Ahmad"]
[Result "1-0"]
[WhiteElo "2056"]
[BlackElo "1830"]
[PlyCount "41"]
[EventDate "2024.09.11"]
[WhiteTeam "Malawi"]
[BlackTeam "Brunei Darussalam"]
[WhiteTeamCountry "MWI"]

1. Nf3 Nf6 2. g3 b5 3. Bg2 Bb7 4. d4 e6 5. O-O c5 6. b3 cxd4 7. Qxd4 Nc6 8. Qd1 Be7 9. Bb2 O-O 10. Nd4 Qb6 11. a4 a6 12. Na3 bxa4 $146 ({RR} 12... Nxd4 13. Bxd4 Qc7 14. Be5 Qc8 15. Bxb7 Qxb7 16. Qd3 b4 17. Nc4 d5 18. Ne3 Rac8 19. Rac1 Ne4 20. Nd1 Bf6 21. Bxf6 Nxf6 22. f3 Qb6+ 23. Kg2 Rfd8 24. e3 h6 25. Ra1 d4 26. e4 Nd7 27. a5 {0-1 Macias Murillo,B (2298)-Lebredo Zaragoitia,G (2200) Capablanca Memorial op-A 48th 2013 (3)}) 13. Nc4 Qc7 14. Rxa4 d5 15. Nd2 Rfc8 16. N2f3 Ne4 17. Nxc6 Bxc6 18. Be5 Bd6 19. Bxd6 Qxd6 20. Rxe4 dxe4 21. Qxd6 1-0

[Event "45th Olympiad 2024"]
[Site "Budapest HUN"]
[Date "2024.09.20"]
[Round "9.67"]
[Board "1"]
[White "Drayton, Anthony"]
[Black "Mehrad, Ahmad Tamim"]
[Result "0-1"]
[WhiteElo "1964"]
[BlackElo "2015"]
[PlyCount "82"]
[EventDate "2024.09.11"]
[WhiteTeam "Guyana"]
[BlackTeam "Afghanistan"]
[WhiteTeamCountry "GUY"]
[BlackTeamCountry "AFG"]

1. d4 d5 2. c4 e6 3. Nc3 Nf6 4. Bg5 Be7 5. e3 O-O 6. Nf3 Nbd7 7. Bd3 c6 8. O-O h6 9. Bh4 Ne8 10. Bg3 f5 ({RR} 10... Nd6 11. c5 Nf5 12. Bxf5 exf5 13. b4 Nf6 14. Nd2 Ne4 15. Ndxe4 fxe4 16. a4 Bh4 17. Bd6 Be7 18. Be5 Bf6 19. Bxf6 Qxf6 20. Qh5 a6 21. b5 axb5 22. axb5 Bf5 23. b6 Rfe8 24. Ra7 Rab8 25. Ne2 {1-0 Ohanyan,E (2489)-Kassimov,B (2304) Astana Zhuldyzdary Open A 2023 (6.18)}) 11. Ne5 $146 ({RR} 11. Qc2 Nd6 12. cxd5 cxd5 13. Ne5 Nxe5 14. Bxe5 Bd7 15. Qb3 Bc6 16. f3 Qd7 17. Rad1 Rac8 18. Rfe1 a6 19. Bxd6 Bxd6 20. e4 fxe4 21. fxe4 dxe4 22. Bxe4 Rf6 23. Bxc6 Qxc6 24. d5 exd5 25. Nxd5 Rf7 {0-1 O'Hanlon,J-Barry,C IRL-ch prelim 1913 (2)}) ({RR} 11. Rc1 Ndf6 12. Ne5 Kh7 13. Ne2 g5 14. h4 Ng7 15. hxg5 hxg5 16. f3 Nd7 17. Kf2 Nxe5 18. Rh1+ Kg6 19. Bxe5 Rh8 20. g4 Bd7 21. Ng3 Bf6 22. Qc2 dxc4 23. Qxc4 Bxe5 24. dxe5 Qa5 25. f4 gxf4 {1-0 Vehkalahti,V-Kulmala,S FIN-chT 9697 Div-B 1996 (7.7)}) ({RR} 11. Rc1 Nd6 12. cxd5 exd5 13. Ne5 Nxe5 14. Bxe5 Nf7 15. f4 Nxe5 16. fxe5 Bg5 17. Qe2 f4 18. exf4 Bxf4 19. Rce1 Be6 20. Bb1 Qg5 21. Rf2 Bg4 22. Qd3 Bxh2+ 23. Kh1 Rxf2 24. Qh7+ Kf7 25. Kxh2 Bf5 {0-1 Golenia,J (1940)-Pietocha,P (2074) Krakow op-B 27th 2016 (7)}) 11... Nxe5 12. Bxe5 Nd6 13. Bxd6 Bxd6 14. c5 Bc7 15. f4 b6 16. b4 a5 17. a3 bxc5 18. bxc5 Bd7 19. Kh1 g5 20. g3 Qf6 21. Rb1 Ra7 22. Rb2 Be8 23. Qe2 Rf7 24. Rfb1 Bd8 25. Rb8 Rg7 26. Na4 Kh7 27. Nb6 Bg6 28. Nc8 Rad7 29. Ra8 gxf4 30. gxf4 Qh4 31. Qe1 Bh5 32. Be2 Qh3 33. Qf1 Qxf1+ 34. Rxf1 Bxe2 35. Rf2 Bd3 36. h3 Bh4 37. Rb2 Be4+ 38. Kh2 Bg3+ 39. Kg1 Bxf4+ 40. Kf1 Bxe3 41. Rbb8 Bd3+ 0-1

[Event "45th Olympiad 2024"]
[Site "Budapest HUN"]
[Date "2024.09.20"]
[Round "9.67"]
[Board "2"]
[White "Haidary, Hameedullah"]
[Black "Nathoo, Loris"]
[Result "1-0"]
[WhiteElo "2192"]
[BlackElo "1788"]
[PlyCount "131"]
[EventDate "2024.09.11"]
[WhiteTeam "Afghanistan"]
[BlackTeam "Guyana"]
[WhiteTeamCountry "AFG"]
[BlackTeamCountry "GUY"]

1. e4 c5 2. c3 Nf6 3. e5 Nd5 4. d4 cxd4 5. cxd4 d6 6. Nf3 g6 7. Bc4 Nb6 8. Bb5+ Bd7 9. Bxd7+ Qxd7 10. O-O Bg7 11. Qe2 O-O 12. Nc3 Nc6 13. Re1 $146 ({RR} 13. Bf4 d5 14. Rfe1 a6 15. a3 Rac8 16. Rad1 e6 17. h4 h5 18. Bg5 Ne7 19. Nh2 Nf5 20. g4 hxg4 21. Nxg4 Rc4 22. h5 Rxd4 23. Kg2 Rxd1 24. Rxd1 Qc6 25. h6 d4+ 26. Ne4 Ne3+ 27. Kf3 Nxg4 {0-1 Vaz,O (1645)-Silva,M (1910) Niteroi op 2nd 2022 (3)}) 13... Rac8 14. Bf4 Qf5 15. Bg3 d5 16. Rac1 g5 17. h3 a6 18. Rcd1 e6 19. Nh2 Ne7 20. Ng4 Qg6 21. f4 Nf5 22. Bh2 h5 23. Nf2 Nc4 24. Rd3 Bh6 25. fxg5 Qxg5 26. Kh1 Nce3 27. g4 h4 28. Rg1 Ne7 29. Re1 Nc4 30. Na4 Ng6 31. Nc3 Na5 32. Red1 Rc4 33. Qf3 Rfc8 34. Rg1 b5 35. b3 R4c7 36. b4 Nc4 37. Nfd1 Nd2 38. Qe2 Nc4 39. Rf1 Qc1 40. g5 Bg7 41. Ne3 Qb2 42. Nc2 Na3 43. Nxa3 Qxa3 44. Nxd5 Qa4 45. Nxc7 Rxc7 46. Rb3 a5 47. d5 axb4 48. d6 Rd7 49. Re1 Qa5 50. Qg2 Kh7 51. Re2 Qb6 52. Qe4 Kg8 53. Rxb4 Bf8 54. a4 Qa5 55. axb5 Qa1+ 56. Rb1 Qc3 57. Re3 Qd2 58. b6 Rd8 59. b7 Rb8 60. Re2 Qc3 61. Rc2 Qxh3 62. Rc8 Rxb7 63. Qxb7 Nf4 64. g6 fxg6 65. d7 Nd5 66. Rxf8+ 1-0

[Event "45th Olympiad 2024"]
[Site "Budapest HUN"]
[Date "2024.09.20"]
[Round "9.67"]
[Board "3"]
[White "Sandiford, Keron"]
[Black "Kanz, Ahmad Safy"]
[Result "0-1"]
[WhiteElo "1755"]
[BlackElo "1977"]
[PlyCount "68"]
[EventDate "2024.09.11"]
[WhiteTeam "Guyana"]
[BlackTeam "Afghanistan"]
[WhiteTeamCountry "GUY"]
[BlackTeamCountry "AFG"]

1. e4 c5 2. Nc3 e6 3. g3 d5 4. exd5 exd5 5. d4 c4 ({RR} 5... cxd4 6. Nb5 Nf6 7. Nxd4 Bc5 8. Nge2 O-O 9. Bg2 Bg4 10. f3 Bd7 11. O-O Re8 12. Kh1 Nc6 13. c3 h6 14. b4 Bb6 15. a4 a5 16. b5 Ne5 17. Nf4 Rc8 18. Nb3 Rxc3 19. Bb2 Re3 20. Nxd5 {0-1 Belenkaya,D (2297)-Grandelius,N (2651) EU-ch Online 2300+ Final 2020 (3)}) 6. Bg2 Bb4 ({RR} 6... Be6 7. Nge2 Be7 8. Nf4 Nf6 9. Nxe6 fxe6 10. O-O Kf7 11. Re1 Re8 12. Qe2 Bb4 13. a3 Ba5 14. Bh3 Nc6 15. Be3 Qb6 16. Red1 Bxc3 17. bxc3 Ne4 18. Rdb1 Qa6 19. Bd2 e5 20. Bg2 Nf6 21. dxe5 {½-½ Vo Huynh Thien (1869)-Le,M (1973) ch-VIE 2024 Hanoi VIE (3.21)}) 7. Bd2 Nf6 $146 ({RR} 7... Ne7 8. Nge2 Bg4 9. f3 Bd7 10. Nf4 Bc6 11. O-O O-O 12. Qe2 Nf5 13. Qf2 Ba5 14. Rad1 Na6 15. Bc1 Bxc3 16. bxc3 Qa5 17. g4 Nd6 18. Qd2 Rae8 19. Nh5 f6 20. g5 f5 21. Rde1 Nc7 22. Rxe8 {0-1 Dovramadjieva,H (2020)-Baimuratov,S (2335) Bratislava op 1993 (2)}) ({RR} 7... Ne7 8. Nge2 O-O 9. Nf4 Bxc3 10. Bxc3 Nbc6 11. O-O Bf5 12. Re1 Qd7 13. Qd2 Rfe8 14. Re3 Kf8 15. Rae1 b5 16. Bb4 a5 17. Bc5 Kg8 18. Nxd5 Nxd5 19. Rxe8+ Rxe8 20. Rxe8+ Qxe8 21. Bxd5 Qd7 22. Bxc6 {½-½ Klein,O-Berresheim,H RLPF-ch U17 Traben Trarbach 1993}) 8. Nf3 O-O 9. O-O Nc6 10. Bg5 Be7 11. Re1 h6 12. Bxf6 Bxf6 13. Ne5 Be6 14. Nxc6 bxc6 15. Ne2 Qb6 16. Rb1 Rfe8 17. h3 Bf5 18. b4 Rad8 19. a3 Rd7 20. g4 Bh7 21. Qd2 Rde7 22. Ng3 Bxd4 23. Rxe7 Rxe7 24. Nf5 Bxf5 25. gxf5 a6 26. c3 Bf6 27. Re1 Qc7 28. Rxe7 Qxe7 29. Bxd5 cxd5 30. Qxd5 Qc7 31. Qa8+ Kh7 32. Qxa6 Bxc3 33. b5 Bd4 34. Qc6 Qg3+ 0-1

[Event "45th Olympiad 2024"]
[Site "Budapest HUN"]
[Date "2024.09.20"]
[Round "9.67"]
[Board "4"]
[White "Abdul Khaliq, Wais"]
[Black "Pitamber, Sachin Dhilan"]
[Result "1-0"]
[WhiteElo "1968"]
[BlackElo "1719"]
[PlyCount "131"]
[EventDate "2024.09.11"]
[WhiteTeam "Afghanistan"]
[BlackTeam "Guyana"]
[WhiteTeamCountry "AFG"]
[BlackTeamCountry "GUY"]

1. d4 d5 2. c4 e6 3. Nc3 Nf6 4. Bg5 Bb4 5. e3 Nbd7 6. Nf3 O-O 7. Bd3 dxc4 8. Bxc4 b6 ({RR} 8... Be7 9. O-O b6 10. e4 c5 11. d5 Bd6 12. dxe6 fxe6 13. Qxd6 Re8 14. Bxe6+ Kh8 15. Bxd7 Bxd7 16. Nd5 Rf8 17. Nxf6 gxf6 18. Bh6 Rf7 19. Qd5 Qg8 20. Ng5 fxg5 21. Qe5+ Rg7 22. Bxg7+ Qxg7 23. Qxg7+ {1-0 Amara,O-Ben Jazia,M TUN-ch U18 Monastir 2021 (7)}) 9. O-O h6 10. Bh4 Bb7 11. Rc1 $146 ({RR} 11. Qb3 Bxc3 12. bxc3 g5 13. Bg3 Ne4 14. Qc2 c5 15. Rac1 Qe7 16. Nd2 Nxg3 17. hxg3 Rfd8 18. Rfd1 Rac8 19. Qa4 a6 20. Qb3 b5 21. a4 b4 22. cxb4 cxd4 23. exd4 Nb6 24. b5 axb5 25. Qxb5 {½-½ Kramer,K (1972)-Perez Gutierrez,N (2078) Tenerife-chT Preferente 1718 2017 (11.4)}) 11... Be7 12. Qe2 Ne4 13. Bxe7 Qxe7 14. Ba6 Nxc3 15. Rxc3 Bxa6 16. Qxa6 c5 17. Rfc1 e5 18. Qb7 exd4 19. exd4 Rfb8 20. Qc7 Rc8 21. Qb7 Rcb8 22. Qa6 cxd4 23. Nxd4 Nc5 24. Qc4 Re8 25. h3 Ne4 26. Re3 Qc5 27. b4 Qxc4 28. Rxc4 Nd2 29. Rc7 Rec8 30. Ree7 Rxc7 31. Rxc7 Re8 32. g4 Re4 33. Nc6 a5 34. bxa5 bxa5 35. Ra7 a4 36. Ne7+ Kh7 37. Nd5 Kg6 38. Nc3 Rc4 39. Nxa4 Rc2 40. Nb6 f5 41. Nd5 fxg4 42. hxg4 h5 43. gxh5+ Kxh5 44. a4 g5 45. Nf6+ Kg6 46. Ng4 Nf3+ 47. Kg2 Nh4+ 48. Kf1 Ra2 49. a5 Kf5 50. Ne3+ Ke4 51. a6 Ra1+ 52. Ke2 Ra2+ 53. Kd1 Rxf2 54. Re7+ Kd3 55. a7 Rd2+ 56. Kc1 Ra2 57. Nd5 Rc2+ 58. Kb1 Rc8 59. Nb6 Rg8 60. Rb7 g4 61. Rb8 Rxb8 62. axb8=Q Nf5 63. Qf4 Ne3 64. Nd7 Ke2 65. Ne5 g3 66. Qxg3 1-0

[Event "45th Olympiad 2024"]
[Site "Budapest HUN"]
[Date "2024.09.20"]
[Round "9.68"]
[Board "1"]
[White "Asante Debesai Zerabruk"]
[Black "Cogan, Nicolas"]
[Result "0-1"]
[WhiteElo "1908"]
[BlackElo "2112"]
[PlyCount "50"]
[EventDate "2024.09.11"]
[WhiteTeam "Eritrea"]
[BlackTeam "Cote d’Ivoire"]
[WhiteTeamCountry "ERI"]

1. e4 c5 2. Nf3 Nc6 3. Bb5 Nf6 4. Nc3 Qc7 5. O-O Nd4 6. Bc4 e6 7. Re1 Ng4 8. g3 Nxf3+ 9. Qxf3 Ne5 10. Qe2 a6 11. a4 b6 ({RR} 11... Be7 12. d3 O-O 13. Bf4 Bf6 14. a5 d6 15. Bb3 Nc6 16. Bc4 Rd8 17. Bd2 Bd7 18. Na4 Nd4 19. Qd1 d5 20. Bb3 dxe4 21. Nb6 Nf3+ 22. Kh1 Nxe1 23. Nxa8 Rxa8 24. Bxe1 exd3 25. Qxd3 Rd8 26. Kg1 {1-0 Godzwon,I (2400)-Zhigalko,S (2572) Titled Tue 30th Jan Early 2024 (6)}) 12. Ba2 Be7 13. d3 $146 ({RR} 13. f4 Nc6 14. Nd5 exd5 15. exd5 O-O 16. dxc6 Bf6 17. Bd5 dxc6 18. Be4 Be6 19. c3 Bd5 20. d3 Rfe8 21. Bd2 c4 22. Qf3 Qd7 23. d4 Re7 24. Bxd5 Rxe1+ 25. Rxe1 cxd5 26. Qd1 g6 27. b3 Rc8 {0-1 Tadic,A (1853)-Zherebtsova,A (2197) Silver Lake Open A 2023 (1.21)}) 13... Bb7 14. Nd1 h5 15. f4 Nc6 16. c3 h4 17. g4 h3 18. Be3 Bd6 19. Qf2 g5 20. e5 Bxe5 21. fxe5 Nxe5 22. Qf6 Rh4 23. Nf2 Nxg4 24. Bxg5 Qxh2+ 25. Kf1 Nxf6 0-1

[Event "45th Olympiad 2024"]
[Site "Budapest HUN"]
[Date "2024.09.20"]
[Round "9.68"]
[Board "2"]
[White "De Gondo, Simplice Armel"]
[Black "Weldegebriel Beraki, Kibrom"]
[Result "1-0"]
[WhiteElo "2045"]
[BlackElo "1885"]
[PlyCount "153"]
[EventDate "2024.09.11"]
[WhiteTeam "Cote d’Ivoire"]
[BlackTeam "Eritrea"]
[BlackTeamCountry "ERI"]

1. e4 d6 2. d4 Nf6 3. Bd3 c6 4. c4 ({RR} 4. h3 e5 5. Nf3 Be7 6. O-O Nbd7 7. c3 O-O 8. Nbd2 Qc7 9. Re1 c5 10. dxe5 dxe5 11. a4 b6 12. Bc4 Bb7 13. Qb3 h6 14. Nh4 Nxe4 15. Ng6 Ndf6 16. Nxf8 Rxf8 17. Nxe4 Bxe4 18. a5 Bd8 {1-0 Novak,I (2330)-Krajnak,M (2255) SVK-chT2 9697 1996 (10)}) 4... e5 5. Ne2 ({RR} 5. dxe5 dxe5 6. Ne2 Nbd7 7. Be3 Nc5 8. Bxc5 Bxc5 9. O-O O-O 10. Nbc3 Bg4 11. Qc2 Bxe2 12. Nxe2 Qe7 13. Ng3 g6 14. Kh1 Rfd8 15. Rad1 h5 16. h3 Rd7 17. a3 a5 18. Ne2 Rad8 19. Nc3 h4 {½-½ Lajdamik,K (1507)-Kulczycka,Z (1558) POL-chT U18 1st 2022 (7.6)}) 5... Be7 6. f3 Nbd7 $146 ({RR} 6... O-O 7. Be3 Na6 8. a3 exd4 9. Nxd4 Nc5 10. Be2 Re8 11. O-O Bf8 12. b4 Ncd7 13. Nf5 d5 14. cxd5 cxd5 15. Bf2 dxe4 16. fxe4 Nxe4 17. Bh4 Qb6+ 18. Kh1 g6 19. Nd4 Bg7 20. Nb3 Bxa1 21. Nxa1 {1-0 Diamantopoulos,N-Fourfouris,N Patras op 3rd 2001 (8)}) 7. d5 a5 8. Be3 Qc7 9. Nbc3 Nf8 10. Qd2 Rb8 11. h4 Bd7 12. Rc1 h5 13. Kf2 Ng6 14. g3 Bd8 15. Kg2 Qc8 16. c5 dxc5 17. Bxc5 Be7 18. Bxe7 Nxe7 19. d6 Ng6 20. Nb5 b6 21. Nc7+ Kf8 22. Ba6 Qd8 23. Rhd1 Rh6 24. Kf2 Nxh4 25. Ng1 Ng6 26. Ne2 h4 27. Rh1 Nh5 28. Rcg1 h3 29. Bc4 b5 30. Bb3 a4 31. Bc2 Rh8 32. Ke1 Qf6 33. Kf2 Rd8 34. Rd1 Bg4 35. Qe3 Bd7 36. Na6 Kg8 37. Nc5 Nf8 38. b3 a3 39. Rd2 g6 40. Nxd7 Nxd7 41. Rxh3 Qe6 42. Rh2 Kg7 43. Rd1 Nhf6 44. Rg2 Rh7 45. Qc3 Rc8 46. Qa5 Rch8 47. Qxa3 Rh2 48. b4 Rxg2+ 49. Kxg2 Nb6 50. Bb3 Qh3+ 51. Kf2 Qh2+ 52. Ke3 Qh6+ 53. Kd3 Nfd7 54. Qc1 Qh2 55. Qe3 Rc8 56. Rc1 Qg2 57. Rc2 Qf1 58. Rc1 Qg2 59. g4 Qh2 60. Qg1 Qh6 61. g5 Qh5 62. Qg2 Rh8 63. Rxc6 Qh4 64. Qg1 Rh5 65. Rxb6 Rxg5 66. Qe3 Nxb6 67. Qxb6 Qh3 68. Qe3 Rh5 69. Kd2 Rh8 70. Qc5 Qh6+ 71. Kd3 Qh5 72. Kd2 Qh6+ 73. f4 exf4 74. Qe5+ Kh7 75. Qxf4 Qxf4+ 76. Nxf4 f6 77. Ne6 1-0

[Event "45th Olympiad 2024"]
[Site "Budapest HUN"]
[Date "2024.09.20"]
[Round "9.68"]
[Board "3"]
[White "Lilay Weldu Gebru"]
[Black "Manan, Yoboue Hermann"]
[Result "0-1"]
[WhiteElo "1977"]
[BlackElo "2030"]
[PlyCount "98"]
[EventDate "2024.09.11"]
[WhiteTeam "Eritrea"]
[BlackTeam "Cote d’Ivoire"]
[WhiteTeamCountry "ERI"]

1. e4 e5 2. Nf3 Nc6 3. Bb5 a6 4. Ba4 Nf6 5. O-O d6 6. d3 g6 7. c3 Bg7 8. Re1 O-O 9. Nbd2 Bd7 10. Nf1 Re8 ({RR} 10... Qe8 11. Ng3 Nd4 12. cxd4 Bxa4 13. b3 Bb5 14. a4 Bd7 15. dxe5 Ng4 16. d4 dxe5 17. h3 Nh6 18. dxe5 Rd8 19. Bg5 f6 20. exf6 Bxf6 21. Bxh6 Bxa1 22. Qxa1 Rf7 23. Ng5 Re7 24. e5 Bc6 25. N3e4 {1-0 Carlsen,M (2876)-Firouzja,A (2702) Chess24 Banter Blitz Cup 2019 (7.5)}) ({RR} 10... Qe8 11. Bc2 Nh5 12. d4 f5 13. dxe5 dxe5 14. exf5 gxf5 15. Ng3 Nxg3 16. hxg3 Kh8 17. Bb3 Be6 18. Bf4 Rd8 19. Qc2 Bd5 20. Bxd5 Rxd5 21. c4 Rd7 22. Nxe5 Nxe5 23. Rxe5 Bxe5 24. Re1 Kg8 25. Bxe5 {1-0 Amar,E (2567)-Ilamparthi,A (2414) Prague Int Open 2024 (7.2)}) 11. h3 Na5 $146 ({RR} 11... h6 12. Ng3 d5 13. Bd2 dxe4 14. dxe4 Na5 15. Bxd7 Qxd7 16. Qc1 Kh7 17. b3 b6 18. Qc2 Rad8 19. Rad1 Qe6 20. Be3 Nb7 21. Rxd8 {½-½ Kevlishvili,R (2535)-Fishbein,A (2382) 1000GM Nov GM 2023 (7.2)}) 12. Bc2 c5 13. Be3 b5 14. Qd2 Qc7 15. b4 Nb7 16. Bg5 Bc6 17. Ne3 Nd8 18. Bb3 Ne6 19. a3 Nh5 20. Ng4 f6 21. Bh6 Kh8 22. Nh4 Rad8 23. Bd5 Bxd5 24. exd5 Nef4 25. c4 bxc4 26. dxc4 cxb4 27. Qxb4 Bxh6 28. Nxh6 Kg7 29. Ng4 Nd3 30. Qd2 Nxe1 31. Qh6+ Kg8 32. Rxe1 Qg7 33. Qd2 Nf4 34. Kh2 f5 35. Ne3 Qf6 36. g3 Nh5 37. Qa5 Rf8 38. Re2 f4 39. Ng4 Qg5 40. c5 fxg3+ 41. fxg3 Nxg3 42. Rg2 Nf1+ 43. Kh1 Qxh4 44. Kg1 Ng3 45. Nf2 Ne2+ 46. Kf1 Qxh3 47. Qxd8 Qh1+ 48. Kxe2 Qxg2 49. Qh4 g5 0-1